| 000 | 01983nam0a2200361 4500 | ||
|---|---|---|---|
| 001 | RU\NLR\bibl\2050191 | ||
| 005 | 20260408103224.0 | ||
| 010 | _a978-5-9786-0147-3 | ||
| 021 |
_aRU _b2013-43232 _92990 |
||
| 035 | _a(nilc)RuMoRGB-006588765 | ||
| 035 | _a(NLR Aleph) 002037242 | ||
| 090 |
_a4578803 _c4578803 |
||
| 100 | _a20130603d2010 |||y0rusy50 ca | ||
| 101 | 0 | _arus | |
| 102 | _aRU | ||
| 105 | _aa ||||||||| | ||
| 200 | 1 |
_aСкульптура и тремеграрх. Анатолий Сергеевич Смелый _eкаталог персональной выставки _f[авт. вступ. ст.: засл. худож. РФ П.Т. Стронский и др.] |
|
| 210 |
_aМосква _c[б. и.] _aБелгород _cКонстанта _d2010 |
||
| 215 |
_a38 с. _cил., цв. ил., портр. _d30 |
||
| 300 | _aВ надзаг.: Междунар. акад. культуры и искусства, Творч. союз художников России, Творч. союз проф. художников | ||
| 300 | _aНа обл. подзаг.: каталог персональной выставки скульптора А. С. Смелого | ||
| 320 | _aБиблиогр.: с. 37 (13 назв.) | ||
| 600 | 1 |
_aСмелый _bА.С. _f1937 _gАнатолий Сергеевич _jКаталоги _xВыставки _yМосква, город _z2010 _92159388 _3RU\NLR\auth\661604381 |
|
| 686 | _aЩ133(2Р=Рус)7-8Смелый л62 | ||
| 702 | 1 |
_aСмелый _bА. С. _f1937- _gАнатолий Сергеевич _4570 |
|
| 711 | 1 | 0 |
_aСмелый, _gАнатолий Сергеевич _hВыставка произведений _f2010 _eМосква _3RU\NLR\AUTH\8810242436 _9370762 |
| 801 | 0 |
_aRU _bRuMoRKP _c20130603 _gRCR |
|
| 801 | 2 |
_aRU _bРГБ _c20130613 _grcr |
|
| 801 | 1 |
_aRU _bRuMoRKP _c20130603 _2rusmarc |
|
| 801 | 2 |
_aRU _bNLR _c20130703 _grcr |
|
| 942 | _cBOOK | ||
| 980 | _aNB | ||